[Event "bobi999"]
[Site "http://www.queenalice.com/game.php?id=590947"]
[Date "2009.5.19"]
[Round "-"]
[White "Matrim"]
[Black "bobi999"]
[Result "1-0"]
[WhiteElo "2115"]
[BlackElo "1500"]

1. d4 d5 2. Bf4 Nc6 3. Nf3 Nf6 4. e3 a6 5. Bd3 Bg4 6. Nbd2 e6 7. h3 Bxf3 8. Nxf3
Bd6 9. Ne5 Bxe5 10. dxe5 Nd7 11. O-O Ndxe5 12. Re1 Nxd3 13. cxd3 e5 14. Bh2 O-O
15. e4 dxe4 16. dxe4 Qxd1 17. Raxd1 Rfd8 18. f4 f6 19. fxe5 Nxe5 20. b3 c6 21.
Bxe5 fxe5 22. g4 Kf7 23. Kf2 Ke6 24. h4 Rf8+ 25. Kg3 Rf4 26. Rd3 Ke7 27. Red1
Rb8 28. Rd7+ Kf8 29. Re1 Rf7 30. Rxf7+ Kxf7 31. Rf1+ Ke6 32. g5 Rd8 33. Rf3 Rd4
34. h5 Rxe4 35. h6 g6 36. Rf6+ Ke7 37. Rxg6 Rf4 38. Rg7+ Rf7 39. g6 1-0

[Event "Let's Play Chess!"]
[Site "http://www.queenalice.com/game.php?id=591302"]
[Date "2009.5.20"]
[Round "-"]
[White "bobi999"]
[Black "Heike67"]
[Result "0-1"]
[WhiteElo "1645"]
[BlackElo "2064"]

1. e4 c5 2. Nf3 d6 3. c3 Nc6 4. Be2 Nf6 5. d3 g6 6. O-O Bg7 7. Nbd2 O-O 8. h3 a6
9. a4 Bd7 10. Re1 e5 11. Nc4 Qc7 12. Bg5 b5 13. axb5 axb5 14. Ne3 Be6 15. Bxf6
Bxf6 16. Qd2 Bg7 17. Ng5 Bb3 18. Rec1 Qe7 19. Nf3 Ra7 20. Bd1 Bxd1 21. Qxd1 Rfa8
22. Nd5 Qb7 23. Ne1 Ne7 24. Nxe7+ Qxe7 25. Nc2 Bh6 26. Rcb1 Rxa1 27. Rxa1 Rxa1
28. Qxa1 Qb7 29. Qa5 Qb8 30. Qa6 Bg5 31. Na3 b4 32. Nc4 bxc3 33. bxc3 Be7 34.
Qa2 Kg7 35. Ne3 Qc7 36. Nd5 Qb7 37. g3 Bf8 38. Kg2 f5 39. Qa4 h6 40. Qe8 Qf7 41.
Qc8 fxe4 42. dxe4 g5 43. Qd8 Qg6 44. Ne3 Qxe4+ 45. Kg1 Qg6 46. g4 Qe6 47. Nf5+
Kf7 48. Qc7+ Kg8 49. Qc6 e4 50. Ne3 Bg7 51. Nd5 Kh7 52. Nc7 Qe5 53. Qd7 e3 0-1

[Event "bobi999"]
[Site "http://www.queenalice.com/game.php?id=591773"]
[Date "2009.5.21"]
[Round "-"]
[White "alesciulli"]
[Black "bobi999"]
[Result "1-0"]
[WhiteElo "1918"]
[BlackElo "1500"]

1. d4 d5 2. Nf3 Nc6 3. c4 e6 4. Nc3 Nf6 5. Bg5 Bb4 6. e3 a6 7. a3 Bxc3+ 8. bxc3
O-O 9. Bd3 b6 10. Ne5 Bb7 11. O-O Ne7 12. cxd5 exd5 13. Qf3 Ng6 14. Qg3 h6 15.
Bxf6 gxf6 16. Nxg6 1-0

[Event "Challenge"]
[Site "http://www.queenalice.com/game.php?id=591851"]
[Date "2009.5.21"]
[Round "-"]
[White "bobi999"]
[Black "tadnel"]
[Result "1-0"]
[WhiteElo "1625"]
[BlackElo "1362"]

1. e4 e5 2. Nf3 Nc6 3. Bb5 d6 4. c3 Bg4 5. d3 a6 6. Ba4 d5 7. Nbd2 Qd7 8. O-O
Nf6 9. Qe2 O-O-O 10. b4 b5 11. Bb3 d4 12. c4 Nxb4 13. Bb2 Nh5 14. g3 g6 15. a3
Bh6 16. Rfd1 Nc6 17. cxb5 Na5 18. Bc4 axb5 19. Bd5 1-0

[Event "I DREAM A DREEAM II"]
[Site "http://www.queenalice.com/game.php?id=591872"]
[Date "2009.5.21"]
[Round "-"]
[White "perucona"]
[Black "bobi999"]
[Result "0-1"]
[WhiteElo "1647"]
[BlackElo "1645"]

1. e4 c5 2. d4 cxd4 3. Qxd4 Nc6 4. Qd5 e6 5. Qd3 Nf6 6. Qe2 Be7 7. e5 Qa5+ 8.
Bd2 Qxe5 9. Qxe5 Nxe5 10. Bf4 Nc6 11. Nc3 a6 12. O-O-O d5 13. Na4 Nd7 14. Nf3 b5
15. Nc3 O-O 16. Bg5 f6 17. Bd2 Nb6 18. Be3 Nc4 19. b3 Nxe3 20. Rd3 Nxf1 21. Rxf1
Rd8 22. Rfd1 Bb7 23. h4 Rac8 24. h5 Ne5 25. Nxe5 fxe5 26. Ne2 e4 27. Rg3 e5 28.
f3 d4 29. fxe4 Bxe4 30. Rg4 Rxc2+ 31. Kb1 Rxe2+ 32. Kc1 Ba3# 0-1

[Event "Challenge"]
[Site "http://www.queenalice.com/game.php?id=591880"]
[Date "2009.5.22"]
[Round "-"]
[White "tadnel"]
[Black "bobi999"]
[Result "0-1"]
[WhiteElo "1438"]
[BlackElo "1500"]

1. e4 c5 2. Nf3 d6 3. Bb5+ Bd7 4. Bxd7+ Nxd7 5. c4 Ngf6 6. Nc3 e6 7. Qa4 Be7 8.
e5 dxe5 9. Nxe5 O-O 10. Nxd7 Qxd7 11. Qxd7 Nxd7 12. O-O Ne5 13. b3 Rfd8 14. Ba3
b6 15. Rad1 Rd3 16. f4 Nc6 17. Na4 Rad8 18. Rf2 Bf6 19. Nb2 R3d7 0-1

[Event "CARMINA BURANA III"]
[Site "http://www.queenalice.com/game.php?id=592055"]
[Date "2009.5.22"]
[Round "-"]
[White "perucona"]
[Black "bobi999"]
[Result "0-1"]
[WhiteElo "1692"]
[BlackElo "1672"]

1. e4 c5 2. d4 cxd4 3. Qxd4 Nc6 4. Qd5 e6 5. Qd3 d6 6. Qe2 Be7 7. Be3 Nf6 8. Bg5
O-O 9. Bxf6 Bxf6 10. Nc3 Qa5 11. O-O-O Bxc3 12. bxc3 Qxc3 13. Rd3 Qa1+ 14. Kd2
Qxa2 15. Rb3 Nd4 16. Qd3 Nxb3+ 17. Ke2 Nc5 18. Qd2 b6 19. c4 Qxd2+ 20. Kxd2
Nxe4+ 21. Ke3 f5 22. f3 Nc5 23. Nh3 a5 24. Be2 Bb7 25. Rb1 a4 26. Ra1 e5 27. g4
f4+ 28. Kf2 Ba6 29. Ng5 h6 30. Nh3 g5 31. Bd3 Nxd3+ 32. Ke2 Bxc4 33. Rd1 Nb2+
34. Kd2 Nxd1 35. Kxd1 a3 36. Kc1 a2 37. Kd2 a1=Q 38. Nf2 Ra2# 0-1

[Event "Challenge"]
[Site "http://www.queenalice.com/game.php?id=597618"]
[Date "2009.6.2"]
[Round "-"]
[White "genethetrucker"]
[Black "bobi999"]
[Result "0-1"]
[WhiteElo "1492"]
[BlackElo "1690"]

1. e4 c5 2. Nf3 d6 3. Bc4 e6 4. d4 cxd4 5. Nxd4 a6 6. Nc3 Nf6 7. Bg5 Be7 8. O-O
O-O 9. Re1 b5 10. Bf1 Qc7 11. Qd2 Nbd7 12. Re3 Bb7 13. Rae1 Nb6 14. e5 b4 15.
Nd1 dxe5 16. Rxe5 Bd6 17. R5e2 Bxh2+ 18. Kh1 Bd6 19. Bxf6 gxf6 20. b3 Bf4 21.
Ne3 Qc5 22. f3 Qh5+ 23. Kg1 Qh2+ 0-1

[Event "A GRANDE FAMILIA X"]
[Site "http://www.queenalice.com/game.php?id=601805"]
[Date "2009.6.11"]
[Round "-"]
[White "perucona"]
[Black "bobi999"]
[Result "0-1"]
[WhiteElo "1691"]
[BlackElo "1733"]

1. e4 c5 2. d4 cxd4 3. Qxd4 Nc6 4. Qd5 Nf6 5. Qd3 d6 6. Qe2 e6 7. Bg5 Qa5+ 8.
Bd2 Qb6 9. Nc3 Be7 10. O-O-O a6 11. Nf3 Qc7 12. Bg5 O-O 13. Bxf6 Bxf6 14. Rd3 b5
15. Qe3 Ne5 16. Nxe5 dxe5 17. Be2 Bb7 18. Qd2 Rfd8 19. Rd1 Bc6 20. Bf3 Rac8 21.
b3 b4 22. Ne2 Bb5 23. Rxd8+ Rxd8 24. Qxd8+ Bxd8 25. Ng3 Bg5+ 26. Kb2 a5 27. Nh5
a4 28. bxa4 Bxa4 29. Rc1 Bxc1+ 30. Kxc1 Qxc2# 0-1

[Event "Challenge"]
[Site "http://www.queenalice.com/game.php?id=613498"]
[Date "2009.7.4"]
[Round "-"]
[White "sunking"]
[Black "bobi999"]
[Result "1-0"]
[WhiteElo "1691"]
[BlackElo "1710"]

1. d3 d5 2. e4 dxe4 3. dxe4 Qxd1+ 4. Kxd1 Nc6 5. Nc3 Bd7 6. Nd5 O-O-O 7. Be3 e6
8. Nf4 Nf6 9. Ke1 Nxe4 10. Rd1 Bc5 11. Bd2 Nxf2 12. Nxe6 Bxe6 13. Bd3 Nxh1 14.
Nf3 Nf2 15. Rc1 Nxd3+ 16. cxd3 Bb6 17. d4 Nxd4 18. Ne5 Rhe8 19. Nd3 Bg4+ 20. Kf1
Be2+ 21. Ke1 Bxd3+ 22. Kd1 Ne2 23. Ra1 Be3 24. Ke1 1-0

[Event "Challenge"]
[Site "http://www.queenalice.com/game.php?id=617777"]
[Date "2009.7.12"]
[Round "-"]
[White "michal_czdz"]
[Black "bobi999"]
[Result "1-0"]
[WhiteElo "2122"]
[BlackElo "1756"]

1. d4 d5 2. c4 e6 3. Nf3 Nc6 4. Nc3 Nf6 5. Bg5 Be7 6. e3 a6 7. cxd5 exd5 8. Bd3
h6 9. Bxf6 Bxf6 10. Rc1 O-O 11. O-O Re8 12. Qb3 Ne7 13. Rfe1 b5 14. a4 c6 15.
Qc2 Bg4 16. Nd2 Nc8 17. Nb3 Be7 18. h3 Bd7 19. Ra1 b4 20. Ne2 a5 21. Nc5 Bxc5
22. Qxc5 Qe7 23. Qxe7 Rxe7 24. Nc1 Nd6 25. Nb3 f5 26. Rac1 Nb7 27. f3 Rae8 28.
Kf2 g6 29. Ba6 Rb8 30. Bxb7 Rxb7 31. Nxa5 Ra7 32. Nxc6 Bxc6 33. Rxc6 Kg7 34. b3
Red7 35. Rec1 Rab7 36. R1c5 h5 37. a5 Kf7 38. a6 Ra7 39. Rb5 1-0

[Event "Challenge"]
[Site "http://www.queenalice.com/game.php?id=617778"]
[Date "2009.7.12"]
[Round "-"]
[White "bobi999"]
[Black "michal_czdz"]
[Result "0-1"]
[WhiteElo "1745"]
[BlackElo "1982"]

1. e4 c5 2. Nf3 e6 3. d3 Nc6 4. g3 d5 5. Nbd2 Nf6 6. Bg2 Be7 7. O-O O-O 8. Re1
b5 9. c3 a5 10. e5 Nd7 11. Nf1 Ba6 12. h4 a4 13. a3 Qc7 14. Bf4 Rfb8 15. d4 cxd4
16. cxd4 b4 17. Qd2 Na5 18. Qe3 Nb3 19. Rab1 bxa3 20. bxa3 Bxa3 0-1

[Event "Challenge"]
[Site "http://www.queenalice.com/game.php?id=618281"]
[Date "2009.7.13"]
[Round "-"]
[White "talisman77"]
[Black "bobi999"]
[Result "0-1"]
[WhiteElo "1763"]
[BlackElo "1730"]

1. d4 d5 2. c4 e6 3. Nc3 Nf6 4. Nf3 Nc6 5. e3 Be7 6. c5 a6 7. Be2 b6 8. O-O bxc5
9. dxc5 Bxc5 10. a3 O-O 11. Qc2 Bb6 12. Bd3 Re8 13. Ng5 h6 14. Nxf7 Kxf7 15.
Bg6+ Kg8 16. Bxe8 Qxe8 17. b4 Ne5 18. Rd1 Nc4 19. Qd3 Bb7 20. Re1 Rd8 21. Qe2
Nd6 22. Bb2 c5 23. bxc5 Bxc5 24. Qd3 Nfe4 25. Nxe4 Nxe4 26. Bd4 Qb5 27. Qxb5
axb5 28. Red1 Ra8 29. Bxc5 Nxc5 30. Rdb1 Na4 31. Rxb5 Bc6 32. Rb4 Kf7 33. Rc1
Be8 34. Rc7+ Kf8 35. Rbb7 Ra6 36. Rxg7 Rb6 37. Rxb6 Nxb6 38. Rh7 h5 39. Rh6 Ke7
40. Rxh5 Bxh5 41. h3 Nc4 42. a4 Kf6 43. Kh2 Be8 44. h4 Kf5 0-1

[Event "Challenge"]
[Site "http://www.queenalice.com/game.php?id=619315"]
[Date "2009.7.15"]
[Round "-"]
[White "OnlyJoking"]
[Black "bobi999"]
[Result "0-1"]
[WhiteElo "1799"]
[BlackElo "1707"]

1. e4 c5 2. Nf3 d6 3. Bb5+ Bd7 4. Bxd7+ Nxd7 5. d4 cxd4 6. Qxd4 Ngf6 7. c4 e6 8.
Nc3 a6 9. O-O Be7 10. b3 O-O 11. Bb2 Qc7 12. Ne2 Qc5 13. Nd2 Rac8 14. Qxc5 Nxc5
15. Rab1 Ncxe4 16. Nxe4 Nxe4 17. Rbd1 Rfd8 18. f3 Nf6 19. Nf4 b5 20. cxb5 axb5
21. Rc1 d5 22. Be5 Nd7 23. Rxc8 Rxc8 24. Bb2 Rc2 25. Rc1 Rxb2 26. h3 Bc5+ 27.
Kf1 b4 28. Nd3 Rxa2 29. Nxc5 Nf8 30. Nd3 Ra3 31. Rb1 Nd7 32. Nxb4 g6 33. Nc2 Ra2
34. Nb4 Ra5 35. Ke2 Nc5 36. Nd3 Ra2+ 37. Rb2 Nxd3 0-1

[Event "Challenge"]
[Site "http://www.queenalice.com/game.php?id=624598"]
[Date "2009.7.25"]
[Round "-"]
[White "piemme"]
[Black "bobi999"]
[Result "1-0"]
[WhiteElo "1749"]
[BlackElo "1753"]

1. d4 d5 2. Nc3 Nf6 3. Bg5 e6 4. Nf3 Be7 5. g3 Nc6 6. Bg2 O-O 7. Bxf6 Bxf6 8.
O-O b6 9. e3 a5 10. a4 Ba6 11. Re1 Ne7 12. b3 c5 13. Qd2 Rc8 14. dxc5 bxc5 15.
Bf1 Nc6 16. Bxa6 Rb8 17. Be2 Qb6 18. Nd1 Bxa1 19. Nc3 Bxc3 20. Qxc3 Qb4 21. Qxb4
cxb4 22. Bb5 Rfc8 23. Bxc6 Rxc6 24. Rc1 Rbc8 25. Nd4 1-0

[Event "Challenge"]
[Site "http://www.queenalice.com/game.php?id=625863"]
[Date "2009.7.28"]
[Round "-"]
[White "FuriousFreddy"]
[Black "bobi999"]
[Result "1-0"]
[WhiteElo "1835"]
[BlackElo "1668"]

1. e4 c5 2. Nf3 d6 3. Bb5+ Bd7 4. Bxd7+ Nxd7 5. O-O Ngf6 6. Qe2 Qc7 7. c3 Ne5 8.
d4 Nxf3+ 9. Qxf3 e5 10. dxe5 dxe5 11. c4 h6 12. Nc3 Be7 13. b3 O-O 14. Be3 a6
15. Rac1 Rad8 16. Nd5 Nxd5 17. cxd5 b6 18. Qg3 Kh8 19. f4 Bd6 20. f5 f6 21. Rf3
b5 22. Qg4 Qe7 23. Rh3 Rf7 24. Qe2 Rc8 25. a4 Qb7 26. axb5 axb5 27. Ra1 Bf8 28.
Ra5 Rb8 29. Qa2 1-0

[Event "Challenge"]
[Site "http://www.queenalice.com/game.php?id=630066"]
[Date "2009.8.3"]
[Round "-"]
[White "bobi999"]
[Black "Doctor"]
[Result "0-1"]
[WhiteElo "1683"]
[BlackElo "1747"]

1. e4 e6 2. d3 d5 3. Nd2 Bd6 4. Ngf3 Nc6 5. g3 Nf6 6. Bg2 Bc5 7. O-O O-O 8. c3
d4 9. Nb3 Bb6 10. c4 a6 11. Bg5 e5 12. Kh1 h6 13. Bd2 Qe7 14. Rc1 Ba7 0-1

[Event "Challenge"]
[Site "http://www.queenalice.com/game.php?id=630846"]
[Date "2009.8.4"]
[Round "-"]
[White "sunking"]
[Black "bobi999"]
[Result "1-0"]
[WhiteElo "1728"]
[BlackElo "1757"]

1. d4 d5 2. h3 Nf6 3. Nc3 Nc6 4. Nf3 e6 5. Ne5 Bd7 6. e3 a6 7. Be2 Bd6 8. Nxc6
Bxc6 9. Bf3 O-O 10. Qd3 b5 11. e4 b4 12. Ne2 1-0